[Event "Markham op"]
[Site "Markham CAN"]
[Date "2018.10.05"]
[Round "1"]
[White "Li, William"]
[Black "Hua, Eugene"]
[Result "0-1"]
[WhiteElo "2279"]
[BlackElo "2428"]
[PlyCount "94"]
[EventDate "2018.10.05"]
[EventType "swiss"]
[EventRounds "5"]
[EventCountry "CAN"]

1. e4 c5 2. Nf3 d6 3. Bb5+ Nd7 4. a4 Ngf6 5. Nc3 g6 6. a5 Bg7 7. O-O O-O 8. Re1
a6 9. Bf1 e5 10. d3 h6 11. Nd2 Nb8 12. Nc4 Nc6 13. Bd2 Be6 14. Na4 Qc7 15. Ncb6
Rad8 16. c4 Nh5 17. Nc3 Ne7 18. Ncd5 Bxd5 19. cxd5 f5 20. Qc1 Nc8 21. Nxc8 Rxc8
22. Bxh6 f4 23. Bxg7 Qxg7 24. g4 Nf6 25. f3 Qh6 26. Qd2 Nh7 27. Rec1 Kg7 28.
Rc2 Rh8 29. Qd1 Ng5 30. Ra4 Rhf8 31. Rac4 Qh8 32. Bg2 Nf7 33. Qc1 Qh4 34. b4
Rh8 35. Bh1 Rh7 36. Qd2 Ng5 37. Rb2 Rch8 38. bxc5 Qg3+ 39. Kf1 Rxh2 40. Qxh2
Rxh2 41. Rxh2 Qxh2 42. Bg2 Nh3 43. Bxh3 Qxh3+ 44. Ke1 Qg3+ 45. Kd2 Qf2+ 46. Kc3
dxc5 47. d6 Kf7 0-1

[Event "Markham op"]
[Site "Markham CAN"]
[Date "2018.10.05"]
[Round "1"]
[White "Noritsyn, Sergey"]
[Black "Song, Michael"]
[Result "0-1"]
[WhiteElo "2300"]
[BlackElo "2539"]
[PlyCount "90"]
[EventDate "2018.10.05"]
[EventType "swiss"]
[EventRounds "5"]
[EventCountry "CAN"]

1. e4 d6 2. d4 Nf6 3. Nc3 c6 4. Bf4 Qa5 5. Bd2 Qb6 6. Nge2 e5 7. Bc1 Be7 8. g3
Bg4 9. Bg2 O-O 10. f3 Bc8 11. O-O d5 12. Na4 Qa5 13. dxe5 Qxa4 14. exf6 Bxf6
15. exd5 Rd8 16. c3 Qa5 17. f4 Qb6+ 18. Kh1 cxd5 19. Qb3 Qa6 20. Nd4 Bxd4 21.
cxd4 Nc6 22. Be3 Bf5 23. g4 Bxg4 24. f5 Ne7 25. f6 gxf6 26. Rf4 Be2 27. Rg1 Kh8
28. Rf2 Bd3 29. Bh6 Nf5 30. Rxf5 Bxf5 31. Bg7+ Kg8 32. Bh6 Bg6 33. h4 Kh8 34.
h5 Bxh5 35. Bxd5 Rg8 36. Re1 Rae8 37. Rc1 Qe2 38. Qh3 Rg6 39. Bf4 Reg8 40. Bxb7
Qf2 41. Bh2 Rh6 42. Rf1 Qxb2 43. Bg2 Qe2 44. Kg1 Rhg6 45. Rf2 Qe1+ 0-1

[Event "Markham op"]
[Site "Markham CAN"]
[Date "2018.10.06"]
[Round "2"]
[White "Barron, Michael"]
[Black "Li, William"]
[Result "1/2-1/2"]
[WhiteElo "2296"]
[BlackElo "2279"]
[PlyCount "90"]
[EventDate "2018.10.05"]
[EventType "swiss"]
[EventRounds "5"]
[EventCountry "CAN"]

1. e4 c5 2. Nf3 d6 3. d4 cxd4 4. Nxd4 Nf6 5. Nc3 a6 6. Be2 e5 7. Nb3 Be7 8. O-O
O-O 9. a4 Qc7 10. Be3 Be6 11. f4 Rd8 12. a5 Nbd7 13. Nd5 Nxd5 14. exd5 Bf5 15.
c4 exf4 16. Bxf4 Bg6 17. Rc1 Nc5 18. Be3 Re8 19. Nxc5 dxc5 20. Qd2 Bd6 21. h3
Qe7 22. Rc3 Qe5 23. Bf4 Qd4+ 24. Qxd4 cxd4 25. Rb3 Bxf4 26. Rxf4 Rxe2 27. Rxd4
Re7 28. c5 Rd7 29. d6 Rc8 30. Re3 Kf8 31. b4 Re8 32. Kf2 Rxe3 33. Kxe3 Ke8 34.
b5 axb5 35. Rb4 Kd8 36. Rxb5 Kc8 37. Kd4 f6 38. Rb6 Bf7 39. a6 bxa6 40. Rxa6
Kb8 41. Rb6+ Kc8 42. Rc6+ Kb7 43. Rb6+ Kc8 44. Rc6+ Kb7 45. Rb6+ Kc8 1/2-1/2

[Event "Markham op"]
[Site "Markham CAN"]
[Date "2018.10.06"]
[Round "2"]
[White "Hua, Eugene"]
[Black "Gaisinsky, Adam"]
[Result "1/2-1/2"]
[WhiteElo "2428"]
[BlackElo "2103"]
[PlyCount "64"]
[EventDate "2018.10.05"]
[EventType "swiss"]
[EventRounds "5"]
[EventCountry "CAN"]

1. e4 e5 2. Nf3 Nc6 3. d4 exd4 4. Nxd4 Nf6 5. Nxc6 bxc6 6. e5 Qe7 7. Qe2 Nd5 8.
c4 Ba6 9. b3 g6 10. f4 d6 11. g3 Bg7 12. Ba3 O-O 13. Bg2 f6 14. O-O fxe5 15.
Nd2 Rae8 16. Rae1 Qd7 17. fxe5 Rxf1+ 18. Qxf1 Bxe5 19. Qf2 Nb6 20. Nf3 Bg7 21.
Rd1 d5 22. Bb2 Qf7 23. Bxg7 Qxg7 24. Re1 Rxe1+ 25. Qxe1 dxc4 26. Qe6+ Qf7 27.
Qxc6 Qd7 28. Qxd7 Nxd7 29. Kf2 cxb3 30. axb3 h6 31. Ke3 Kf7 32. Bh3 Nf8 1/2-1/2

[Event "Markham op"]
[Site "Markham CAN"]
[Date "2018.10.06"]
[Round "2"]
[White "Kang, Dorian"]
[Black "Noritsyn, Sergey"]
[Result "1-0"]
[WhiteElo "2160"]
[BlackElo "2300"]
[PlyCount "97"]
[EventDate "2018.10.05"]
[EventType "swiss"]
[EventRounds "5"]
[EventCountry "CAN"]

1. e4 c5 2. Nf3 d6 3. d4 cxd4 4. Nxd4 Nf6 5. f3 e5 6. Nb3 Be6 7. c4 Nbd7 8. Nc3
Rc8 9. Nd5 Nxe4 10. fxe4 Qh4+ 11. Kd2 g6 12. Qe1 Qd8 13. Bd3 b5 14. Qe2 Qg5+
15. Ke1 Qh4+ 16. g3 Qh3 17. cxb5 Bxd5 18. exd5 f5 19. Qf3 e4 20. Bf1 exf3 21.
Bxh3 Bg7 22. Be3 O-O 23. Rc1 Bxb2 24. Rxc8 Rxc8 25. Bxa7 Ne5 26. b6 Re8 27. b7
Nc6+ 28. Be3 Nb4 29. Kf2 Rb8 30. Na5 Na6 31. Rb1 Bc3 32. Nc6 Re8 33. b8=Q Nxb8
34. Rxb8 Rxb8 35. Nxb8 Kf7 36. Nc6 Bb2 37. a4 Bc3 38. a5 Bxa5 39. Nxa5 Kf6 40.
Kxf3 g5 41. Nc6 h5 42. Bd4+ Kg6 43. Bxf5+ Kh6 44. g4 hxg4+ 45. Bxg4 Kg6 46. Be5
Kf7 47. Bxd6 Ke8 48. Be5 Kf7 49. d6 1-0

[Event "Markham op"]
[Site "Markham CAN"]
[Date "2018.10.06"]
[Round "3"]
[White "Gaisinsky, Adam"]
[Black "Song, Michael"]
[Result "0-1"]
[WhiteElo "2103"]
[BlackElo "2539"]
[PlyCount "258"]
[EventDate "2018.10.05"]
[EventType "swiss"]
[EventRounds "5"]
[EventCountry "CAN"]

1. e4 e5 2. Nf3 Nc6 3. Bb5 Nf6 4. O-O Nxe4 5. d4 Nd6 6. Bxc6 dxc6 7. dxe5 Nf5
8. Qxd8+ Kxd8 9. Nc3 Bd7 10. b3 Be7 11. Bb2 Kc8 12. Rad1 b6 13. Ne4 h6 14. h3
c5 15. g4 Nh4 16. Nxh4 Bxh4 17. Nc3 h5 18. f3 Bc6 19. Nd5 Kb7 20. c4 a5 21. a4
Rae8 22. Rd2 hxg4 23. fxg4 Rhf8 24. Rd3 Rd8 25. Rfd1 Rfe8 26. Bc3 Bg5 27. Rf1
Rd7 28. Rf5 Bh4 29. Rh5 g5 30. Rh7 Red8 31. Rf3 Rf8 32. Rd3 Rfd8 33. Rf3 Rf8
34. Rd3 Kc8 35. Rh6 Bb7 36. Rf6 Re8 37. Rf1 Red8 38. Rfd1 Kb8 39. R3d2 Bc8 40.
Kg2 Bb7 41. Kf3 Re8 42. Rf1 Red8 43. Rfd1 Re8 44. Rf1 Re6 45. Ke4 Bg3 46. Kf5
Bc8 47. Kxg5 Bxe5 48. Bxe5 Rxe5+ 49. Kf4 Re6 50. Rfd1 Red6 51. Ke3 Rh6 52. Rh1
Rd8 53. Rhh2 Kb7 54. Nf4 Rg8 55. Kf3 f5 56. gxf5 Bxf5 57. Rd5 Bg4+ 58. Ke4 Rgh8
59. Kd3 Rf8 60. Ke3 Rfh8 61. Kd3 Rf6 62. Rf2 Bxh3 63. Kc3 Rh4 64. Nd3 Rg6 65.
Kc2 Rd4 66. Re5 Rg3 67. Nf4 Bg4 68. Nd5 Bd1+ 69. Kc1 Bf3 70. Ne3 Rh3 71. Kb2
Bc6 72. Re7 Re4 73. Rxe4 Bxe4 74. Nd1 Bf3 75. Nc3 Kc6 76. Rd2 Rh6 77. Nb5 Rh7
78. Na7+ Kb7 79. Nb5 Bc6 80. Nc3 Kc8 81. Rf2 Kd7 82. Re2 Bf3 83. Rf2 Rh3 84.
Nb5 Bh5 85. Rd2+ Kc8 86. Na7+ Kb7 87. Nb5 Be8 88. Nc3 c6 89. Re2 Bd7 90. Ne4
Kc7 91. Rd2 Rf3 92. Re2 Rf5 93. Rd2 Rf4 94. Nc3 Rd4 95. Re2 Bf5 96. Rf2 Be6 97.
Rh2 Bd7 98. Ka3 Bf5 99. Rf2 Bg4 100. Kb2 Kd6 101. Rf6+ Be6 102. Rf2 Rd3 103.
Re2 Bg4 104. Rg2 Bf3 105. Rh2 Ke5 106. Kc2 Rd8 107. Rh3 Kf4 108. Rh7 Bg4 109.
Rh2 Ke3 110. Rg2 Bf5+ 111. Kb2 Rd2+ 112. Rxd2 Kxd2 113. Na2 Bd3 114. Nc3 Ke3
115. Nd1+ Kd4 116. Nc3 Bxc4 117. bxc4 Kxc4 118. Na2 b5 119. Ka3 b4+ 120. Kb2
Kd4 121. Nc1 c4 122. Kc2 Ke3 123. Kb1 Kd2 124. Kb2 c5 125. Na2 c3+ 126. Kb1 b3
127. Nc1 c4 128. Ka1 b2+ 129. Ka2 bxc1=R 0-1

[Event "Markham op"]
[Site "Markham CAN"]
[Date "2018.10.06"]
[Round "3"]
[White "Kang, Dorian"]
[Black "Chen, Max"]
[Result "1/2-1/2"]
[WhiteElo "2160"]
[BlackElo "2117"]
[PlyCount "67"]
[EventDate "2018.10.05"]
[EventType "swiss"]
[EventRounds "5"]
[EventCountry "CAN"]

1. e4 c6 2. d4 d5 3. exd5 cxd5 4. Bd3 Nf6 5. Bf4 Nc6 6. c3 Bg4 7. Qb3 Qd7 8.
Nd2 a6 9. h3 Bh5 10. Ngf3 Bg6 11. Bxg6 hxg6 12. Ne5 Qc8 13. Ndf3 e6 14. O-O Be7
15. Nxc6 Qxc6 16. Ne5 Qb5 17. Qxb5+ axb5 18. a3 Nd7 19. Nd3 Nb6 20. Rae1 Nc4
21. Bc1 g5 22. f4 gxf4 23. Nxf4 Nd6 24. Nd3 g5 25. Ne5 Rh7 26. Nf3 Ne4 27. Nd2
Nxd2 28. Bxd2 Kd7 29. Rf3 g4 30. hxg4 Rg8 31. g3 Rxg4 32. Bf4 Rg8 33. Rf2 Rgh8
34. Rg2 1/2-1/2

[Event "Markham op"]
[Site "Markham CAN"]
[Date "2018.10.06"]
[Round "3"]
[White "Noritsyn, Sergey"]
[Black "Barron, Michael"]
[Result "1-0"]
[WhiteElo "2300"]
[BlackElo "2296"]
[PlyCount "121"]
[EventDate "2018.10.05"]
[EventType "swiss"]
[EventRounds "5"]
[EventCountry "CAN"]

1. e4 e5 2. Nf3 Nc6 3. d4 exd4 4. Nxd4 Bc5 5. Nb3 Bb6 6. Nc3 Nf6 7. Qe2 O-O 8.
Bg5 h6 9. Bh4 Nd4 10. Qd3 Nxb3 11. axb3 g5 12. Bg3 d6 13. Be2 Be6 14. h4 g4 15.
f4 gxf3 16. gxf3 Nh5 17. f4 Nxg3 18. Qxg3+ Kh7 19. f5 Bd7 20. O-O-O Rg8 21. Qf4
Bc6 22. f6 Rg6 23. Rhf1 Qe8 24. Bh5 Rg2 25. Qf3 Qg8 26. Bxf7 Qg3 27. Qf5+ Kh8
28. Bd5 Qh2 29. f7 Rxc2+ 30. Kb1 Rxb2+ 31. Ka1 Bxd5 32. f8=Q+ Rxf8 33. Qxf8+
Kh7 34. exd5 Rf2 35. Rxf2 Bxf2 36. Rf1 Bd4 37. Qf5+ Kh8 38. Qc8+ Kh7 39. Qxc7+
Bg7 40. Rf7 Qg1+ 41. Ka2 Kg8 42. Rxg7+ Qxg7 43. Qxg7+ Kxg7 44. Ne4 h5 45. Nxd6
Kf6 46. Ne4+ Ke5 47. d6 Ke6 48. Ka3 Kd7 49. Kb4 Kc6 50. Kc4 a5 51. Kd4 b5 52.
Ke5 a4 53. bxa4 bxa4 54. Ke6 a3 55. Nc3 Kc5 56. d7 Kc4 57. d8=Q Kxc3 58. Qh8+
Kc2 59. Qa1 Kb3 60. Kf5 a2 61. Kg5 1-0

[Event "Markham op"]
[Site "Markham CAN"]
[Date "2018.10.07"]
[Round "4"]
[White "Chen, Max"]
[Black "Noritsyn, Sergey"]
[Result "0-1"]
[WhiteElo "2117"]
[BlackElo "2300"]
[PlyCount "96"]
[EventDate "2018.10.05"]
[EventType "swiss"]
[EventRounds "5"]
[EventCountry "CAN"]

1. e4 c5 2. Nf3 d6 3. Bb5+ Nd7 4. c3 a6 5. Bd3 Ngf6 6. O-O b5 7. Re1 e6 8. Bc2
Bb7 9. d4 Be7 10. Bf4 Qb6 11. Nbd2 O-O 12. a4 Bc6 13. h3 Qb7 14. Bg5 h6 15. Bh4
Rfe8 16. Qe2 bxa4 17. Nc4 Bxe4 18. Bxe4 Qxe4 19. Qxe4 Nxe4 20. Bxe7 Rxe7 21.
Rxe4 d5 22. Rh4 dxc4 23. dxc5 Nxc5 24. Rxc4 Rc7 25. Nd2 f5 26. Kf1 Rd8 27. Nf3
Rd5 28. Rd4 Rb7 29. Rb4 Rb5 30. Nd4 Rxb4 31. cxb4 Rxd4 32. bxc5 Kf7 33. Rc1 Ke7
34. c6 Kd8 35. c7+ Kc8 36. Rc6 a5 37. Ke2 Rb4 38. Rc5 Rxb2+ 39. Ke3 a3 40. Rxa5
a2 41. Ra7 e5 42. g3 g5 43. f3 Kd7 44. g4 f4+ 45. Ke4 Re2+ 46. Kf5 e4 47. fxe4
f3 48. e5 f2 0-1

[Event "Markham op"]
[Site "Markham CAN"]
[Date "2018.10.07"]
[Round "4"]
[White "Hua, Eugene"]
[Black "Kang, Dorian"]
[Result "1-0"]
[WhiteElo "2428"]
[BlackElo "2160"]
[PlyCount "57"]
[EventDate "2018.10.05"]
[EventType "swiss"]
[EventRounds "5"]
[EventCountry "CAN"]

1. e4 c5 2. Nf3 Nc6 3. Bb5 g6 4. Bxc6 dxc6 5. d3 Bg7 6. h3 Nf6 7. Nc3 O-O 8.
Bf4 Re8 9. Qd2 Nd7 10. e5 f5 11. h4 Nf8 12. h5 c4 13. Bh6 Bh8 14. Bxf8 Rxf8 15.
hxg6 Bg7 16. gxh7+ Kh8 17. Nh4 Kxh7 18. Nxf5+ Kg6 19. Nxg7 Kxg7 20. Qg5+ Kf7
21. Rh7+ Ke8 22. Qg6+ Kd7 23. O-O-O Kc7 24. dxc4 Bf5 25. Qd6+ Qxd6 26. exd6+
Kb6 27. Rxe7 Kc5 28. Rxb7 Kxc4 29. Na4 1-0

[Event "Markham op"]
[Site "Markham CAN"]
[Date "2018.10.07"]
[Round "4"]
[White "Li, William"]
[Black "Gaisinsky, Adam"]
[Result "1/2-1/2"]
[WhiteElo "2279"]
[BlackElo "2103"]
[PlyCount "45"]
[EventDate "2018.10.05"]
[EventType "swiss"]
[EventRounds "5"]
[EventCountry "CAN"]

1. d4 Nf6 2. c4 e6 3. Nf3 b6 4. g3 Bb7 5. Bg2 Be7 6. O-O O-O 7. Re1 d6 8. Nc3
Ne4 9. Qc2 Nxc3 10. Qxc3 f5 11. Nd2 Bxg2 12. Kxg2 c5 13. d5 e5 14. e4 f4 15. g4
Nd7 16. f3 h5 17. h3 Rf6 18. Nb3 Rg6 19. Bd2 Nf6 20. Rg1 Bf8 21. Kf2 Nh7 22.
Ke2 Qd7 23. Rh1 1/2-1/2

[Event "Markham op"]
[Site "Markham CAN"]
[Date "2018.10.07"]
[Round "5"]
[White "Barron, Michael"]
[Black "Chen, Max"]
[Result "1/2-1/2"]
[WhiteElo "2296"]
[BlackElo "2117"]
[PlyCount "89"]
[EventDate "2018.10.05"]
[EventType "swiss"]
[EventRounds "5"]
[EventCountry "CAN"]

1. e4 c6 2. d4 d5 3. Nd2 dxe4 4. Nxe4 Nf6 5. Nxf6+ exf6 6. Nf3 Bd6 7. g3 O-O 8.
Bg2 Be6 9. O-O Qc7 10. Qd3 Nd7 11. c4 Rfd8 12. b3 Nf8 13. Bb2 Rab8 14. Rac1 Qa5
15. Bc3 Bb4 16. Bxb4 Qxb4 17. Rfd1 Ng6 18. Ne1 Ne7 19. Nc2 Qa5 20. Ne3 Rd6 21.
d5 cxd5 22. cxd5 b5 23. Qc3 Qxc3 24. Rxc3 Rbd8 25. Rc7 Kf8 26. Re1 R6d7 27. Rc5
Nxd5 28. Nxd5 Bxd5 29. Rxb5 Bxg2 30. Kxg2 g6 31. Re4 Rc8 32. g4 Rc2 33. Ra5
Rdd2 34. Rf4 Rxa2 35. Rxa2 Rxa2 36. Rxf6 Ra3 37. Rf3 a5 38. g5 a4 39. bxa4 Rxa4
40. Kg3 Kg7 41. Rf4 Rxf4 42. Kxf4 f6 43. h4 fxg5+ 44. hxg5 h6 45. gxh6+ 1/2-1/2

[Event "Markham op"]
[Site "Markham CAN"]
[Date "2018.10.07"]
[Round "5"]
[White "Noritsyn, Sergey"]
[Black "Li, William"]
[Result "1-0"]
[WhiteElo "2300"]
[BlackElo "2279"]
[PlyCount "75"]
[EventDate "2018.10.05"]
[EventType "swiss"]
[EventRounds "5"]
[EventCountry "CAN"]

1. e4 c5 2. Nf3 d6 3. Bb5+ Nc6 4. O-O Bd7 5. c3 Nf6 6. Re1 a6 7. Ba4 b5 8. Bc2
e5 9. h3 Be7 10. a4 O-O 11. Na3 Na5 12. Qe2 bxa4 13. d4 Qc7 14. Bg5 Rfb8 15.
dxe5 dxe5 16. Rad1 Rxb2 17. Nxe5 Be6 18. Nxf7 Rxc2 19. Nxc2 Bxf7 20. e5 Ne8 21.
e6 Bxg5 22. Rd7 Bg6 23. Rxc7 Nxc7 24. Qe5 Ne8 25. Qxg5 Bxc2 26. Qd5 Rb8 27. e7+
Kh8 28. Qxc5 Rb5 29. Qc8 Bg6 30. Qxa6 Rc5 31. Qb6 Nb3 32. Qb4 Rc7 33. Qf4 h6
34. Re6 Kh7 35. g4 Nc5 36. Rxg6 a3 37. Rxh6+ gxh6 38. Qf5+ 1-0

[Event "Markham op U1800"]
[Site "Markham CAN"]
[Date "2018.10.06"]
[Round "2"]
[White "Zhuang, Winnie"]
[Black "Hughes-Dupuy, Henry"]
[Result "0-1"]
[WhiteElo "1380"]
[BlackElo "1526"]
[PlyCount "66"]
[EventDate "2018.10.05"]
[EventType "swiss"]
[EventRounds "5"]
[EventCountry "CAN"]

1. e4 Nc6 2. d4 d5 3. e5 Bf5 4. c3 e6 5. Nf3 f6 6. Bf4 Be7 7. Nbd2 g5 8. exf6
Bxf6 9. Bg3 Nge7 10. Bb5 a6 11. Ba4 b5 12. Bc2 h5 13. Nb3 h4 14. Be5 Bxe5 15.
Nxe5 Nxe5 16. dxe5 Bxc2 17. Qxc2 Qd7 18. Nd4 c5 19. Nb3 Qc7 20. Qe2 Ng6 21. O-O
O-O-O 22. Qg4 Qe7 23. Rfe1 Nf4 24. Qf3 Rdf8 25. Qe3 h3 26. Qxc5+ Qxc5 27. Nxc5
hxg2 28. f3 Rh3 29. Kf2 Rxh2 30. Kg3 Rfh8 31. Kf2 g1=Q+ 32. Kxg1 Rg2+ 33. Kf1
Rh1# 0-1

[Event "Markham op U1800"]
[Site "Markham CAN"]
[Date "2018.10.06"]
[Round "3"]
[White "Hua, Michelle"]
[Black "Hughes-Dupuy, Henry"]
[Result "1/2-1/2"]
[WhiteElo "1659"]
[BlackElo "1526"]
[PlyCount "64"]
[EventDate "2018.10.05"]
[EventType "swiss"]
[EventRounds "5"]
[EventCountry "CAN"]

1. c4 Nf6 2. g3 e5 3. Bg2 c6 4. d3 d5 5. Nf3 dxc4 6. dxc4 Qxd1+ 7. Kxd1 Ne4 8.
Ke1 Bb4+ 9. Nbd2 f6 10. a3 Bxd2+ 11. Nxd2 Nxd2 12. Bxd2 Be6 13. b3 Nd7 14. e3
Nc5 15. Rb1 Bf5 16. Ra1 Nxb3 17. Ra2 Nxd2 18. Rxd2 O-O 19. Ke2 Rad8 20. Rhd1
Rxd2+ 21. Rxd2 Kf7 22. Rb2 Bc8 23. c5 g6 24. a4 Ke7 25. a5 a6 26. h4 f5 27. f3
h6 28. e4 fxe4 29. fxe4 Rd8 30. Rd2 Rxd2+ 31. Kxd2 Kf6 32. Ke3 g5 1/2-1/2

[Event "Markham op U1800"]
[Site "Markham CAN"]
[Date "2018.10.07"]
[Round "4"]
[White "Hughes-Dupuy, Henry"]
[Black "Crnclovic, Grisha"]
[Result "1-0"]
[WhiteElo "1526"]
[BlackElo "1595"]
[PlyCount "48"]
[EventDate "2018.10.05"]
[EventType "swiss"]
[EventRounds "5"]
[EventCountry "CAN"]

1. c4 Nf6 2. Nc3 g6 3. Nf3 d6 4. g3 Bg7 5. Bg2 O-O 6. O-O c6 7. Rb1 e5 8. d3
Bg4 9. h3 Be6 10. b4 Nbd7 11. Bg5 Qc8 12. Qd2 Ne8 13. Be7 Nc7 14. Bxf8 Nxf8 15.
Kh2 f5 16. e4 Qe8 17. Nh4 Qe7 18. exf5 gxf5 19. b5 d5 20. bxc6 bxc6 21. cxd5
cxd5 22. Rb7 Bc8 23. Rxc7 Qxc7 24. Bxd5+ Kh8 1-0

[Event "Markham op U1800"]
[Site "Markham CAN"]
[Date "2018.10.07"]
[Round "5"]
[White "Gao, William"]
[Black "Hughes-Dupuy, Henry"]
[Result "0-1"]
[WhiteElo "1510"]
[BlackElo "1526"]
[PlyCount "64"]
[EventDate "2018.10.05"]
[EventType "swiss"]
[EventRounds "5"]
[EventCountry "CAN"]

1. e4 Nc6 2. Nf3 d6 3. d4 Bg4 4. Be3 Nf6 5. Nc3 g6 6. Bb5 a6 7. Be2 Bg7 8. h3
Bxf3 9. gxf3 Qd7 10. f4 e6 11. Qd2 e5 12. d5 Ne7 13. O-O-O exf4 14. Bxf4 b5 15.
Bf3 b4 16. Ne2 Qa4 17. Kb1 Rb8 18. Nc1 Nd7 19. Nb3 Nc5 20. Rc1 Nc8 21. Be3 Nb6
22. Bd4 Nc4 23. Qd1 Nxb2 24. Bxb2 Bxb2 25. Kxb2 Qa3+ 26. Ka1 Na4 27. Qd4 Nc3
28. Qxh8+ Ke7 29. Qxc3 bxc3 30. Rb1 Rb4 31. Rhd1 Qxa2+ 32. Kxa2 Ra4# 0-1

[Event "Markham op U2200"]
[Site "Markham CAN"]
[Date "2018.10.05"]
[Round "1"]
[White "Ajith, Aayush"]
[Black "Zeromskis, Egidijus"]
[Result "1/2-1/2"]
[WhiteElo "1922"]
[BlackElo "2153"]
[PlyCount "102"]
[EventDate "2018.10.05"]
[EventType "swiss"]
[EventRounds "5"]
[EventCountry "CAN"]

1. d4 d5 2. c4 e6 3. Nc3 Be7 4. Nf3 c6 5. Bf4 Nf6 6. e3 O-O 7. h3 Nbd7 8. Bd3
Re8 9. O-O Nf8 10. Qc2 Ng6 11. Bh2 Bd6 12. Bxd6 Qxd6 13. e4 dxe4 14. Nxe4 Nxe4
15. Bxe4 f5 16. Bd3 c5 17. d5 Rf8 18. dxe6 Bxe6 19. Rad1 Qe7 20. Rfe1 Qf6 21.
Re3 Rad8 22. Rde1 Bc8 23. Ne5 Nf4 24. Rf3 Rd4 25. Qc1 Nxd3 26. Rxd3 Re4 27. Qc3
Rxe1+ 28. Qxe1 Re8 29. f4 b6 30. Qd2 Be6 31. Rd6 h6 32. b3 Qe7 33. Nc6 Qc7 34.
Nd8 Bc8 35. Nc6 Be6 36. Ne5 Qb7 37. Rd8 Rxd8 38. Qxd8+ Kh7 39. Qe8 Bc8 40. Qc6
Qxc6 41. Nxc6 a6 42. Ne7 Bd7 43. Nd5 b5 44. Nb6 Bc6 45. cxb5 axb5 46. Kf2 Kg6
47. a4 c4 48. b4 c3 49. Ke3 bxa4 50. Kd3 Bxg2 51. Nxa4 Bxh3 1/2-1/2

[Event "Markham op U2200"]
[Site "Markham CAN"]
[Date "2018.10.05"]
[Round "1"]
[White "Huang, Youhe"]
[Black "Rusonik, Max"]
[Result "0-1"]
[WhiteElo "1872"]
[BlackElo "2041"]
[PlyCount "100"]
[EventDate "2018.10.05"]
[EventType "swiss"]
[EventRounds "5"]
[EventCountry "CAN"]

1. e4 e5 2. Nf3 Nc6 3. Bc4 Bc5 4. c3 Nf6 5. d3 a6 6. O-O Ba7 7. h3 d6 8. Re1 h6
9. Be3 Bxe3 10. Rxe3 g5 11. d4 g4 12. hxg4 Nxg4 13. Rd3 Qf6 14. Bd5 Ne7 15.
dxe5 dxe5 16. Qb3 O-O 17. Qd1 Ng6 18. g3 Kh7 19. Qe2 Rg8 20. Kf1 c6 21. Bb3 Be6
22. Bxe6 Qxe6 23. Na3 Rad8 24. b3 Nh2+ 25. Ke1 Nf4 26. gxf4 Nxf3+ 27. Qxf3 Rxd3
28. Qxd3 Rg1+ 29. Kd2 Rxa1 30. c4 Rxa2+ 31. Nc2 exf4 32. Qd4 c5 33. Qd5 Qxd5+
34. cxd5 Kg8 35. e5 Kf8 36. Kc1 h5 37. Ne1 Ra1+ 38. Kd2 Rxe1 39. Kxe1 h4 40.
Kf1 b5 41. Kg2 c4 42. bxc4 bxc4 43. Kh3 c3 44. Kxh4 c2 45. Kg5 c1=Q 46. Kf6 Qc5
47. d6 Qd5 48. Kf5 a5 49. Kxf4 a4 50. f3 a3 0-1

[Event "Markham op U2200"]
[Site "Markham CAN"]
[Date "2018.10.05"]
[Round "1"]
[White "Joseph Benher, Savio"]
[Black "Gao, Raymond"]
[Result "1-0"]
[WhiteElo "1735"]
[BlackElo "1925"]
[PlyCount "57"]
[EventDate "2018.10.05"]
[EventType "swiss"]
[EventRounds "5"]
[EventCountry "CAN"]

1. e4 c5 2. Nf3 a6 3. Nc3 d6 4. d4 cxd4 5. Nxd4 Nf6 6. Be3 e5 7. Nb3 Be7 8. f3
Be6 9. Qd2 b5 10. g4 Nbd7 11. h4 Qc7 12. h5 O-O 13. O-O-O b4 14. Nd5 Bxd5 15.
exd5 Rfc8 16. Kb1 a5 17. g5 Ne8 18. Bh3 a4 19. Nc1 Rcb8 20. g6 Nef6 21. h6 hxg6
22. hxg7 Kxg7 23. Bh6+ Kg8 24. Rdg1 Nc5 25. Be6 fxe6 26. Qg5 Kh8 27. Bf8+ Nh7
28. Rxh7+ Kxh7 29. Qh6+ 1-0

[Event "Markham op U2200"]
[Site "Markham CAN"]
[Date "2018.10.05"]
[Round "1"]
[White "Li, Eric M"]
[Black "Hack, Justin"]
[Result "1-0"]
[WhiteElo "2000"]
[BlackElo "1834"]
[PlyCount "100"]
[EventDate "2018.10.05"]
[EventType "swiss"]
[EventRounds "5"]
[EventCountry "CAN"]

1. d4 Nf6 2. Bf4 d5 3. e3 c5 4. c3 Nc6 5. Nd2 Bf5 6. Ngf3 Qb6 7. Qb3 c4 8. Qxb6
axb6 9. a3 h6 10. h3 b5 11. Rc1 e6 12. Be2 Be7 13. O-O O-O 14. Bd1 Bd3 15. Re1
Ne4 16. Be2 Rfc8 17. Bxd3 cxd3 18. Nb3 g5 19. Bh2 Bxa3 20. bxa3 Rxa3 21. Nfd2
Nxd2 22. Nxd2 Ra2 23. Rcd1 b4 24. cxb4 Nxb4 25. Nb3 Rcc2 26. Bg3 d2 27. Re2 Rc1
28. Rexd2 Rxd2 29. Rxc1 Rb2 30. Nc5 b5 31. Rc3 Rb1+ 32. Kh2 Na2 33. Rb3 Rxb3
34. Nxb3 Nb4 35. Bd6 Nd3 36. Kg3 f6 37. Nc5 Nxc5 38. Bxc5 Kf7 39. Kf3 e5 40.
Ke2 Ke6 41. Kd3 h5 42. Kc3 g4 43. hxg4 hxg4 44. Kb4 Kf5 45. f3 gxf3 46. gxf3 e4
47. f4 Kg4 48. Kxb5 Kf3 49. Kc6 Kxe3 50. Kxd5 Kxf4 1-0

[Event "Markham op U2200"]
[Site "Markham CAN"]
[Date "2018.10.05"]
[Round "1"]
[White "Liu, Henry"]
[Black "Khachaturov, Vadim"]
[Result "1-0"]
[WhiteElo "1829"]
[BlackElo "1961"]
[PlyCount "91"]
[EventDate "2018.10.05"]
[EventType "swiss"]
[EventRounds "5"]
[EventCountry "CAN"]

1. c4 e5 2. g3 Nf6 3. Bg2 d5 4. cxd5 Nxd5 5. Nc3 Nb6 6. Nf3 Nc6 7. O-O Be7 8.
b3 O-O 9. Bb2 Be6 10. d3 Qd7 11. Rc1 f6 12. Ne4 a5 13. a3 Rfd8 14. Ned2 Rab8
15. Qc2 Rdc8 16. Nc4 Nd5 17. Ne3 Bd6 18. Nd2 Nxe3 19. fxe3 Ne7 20. Nc4 Bc5 21.
Kh1 Ba7 22. d4 Bd5 23. e4 Bxc4 24. Qxc4+ Kh8 25. dxe5 fxe5 26. Bxe5 Nc6 27. Bb2
Rf8 28. Rcd1 Qe7 29. Qc1 Ne5 30. Rf4 Rxf4 31. Qxf4 Ng6 32. Qg4 Ne5 33. Qf5 Re8
34. Bxe5 h6 35. Bb2 Rd8 36. Rxd8+ Qxd8 37. Qd5 Qf8 38. Bf3 c6 39. Qd7 Bc5 40.
e5 b5 41. Qxc6 b4 42. a4 Be7 43. Kg2 Bg5 44. Qg6 Be3 45. e6 Ba7 46. Qf7 1-0

[Event "Markham op U2200"]
[Site "Markham CAN"]
[Date "2018.10.05"]
[Round "1"]
[White "Ning, Eric"]
[Black "Liao, Joseph"]
[Result "1-0"]
[WhiteElo "1933"]
[BlackElo "1737"]
[PlyCount "65"]
[EventDate "2018.10.05"]
[EventType "swiss"]
[EventRounds "5"]
[EventCountry "CAN"]

1. d4 Nf6 2. c4 e6 3. Nf3 Bb4+ 4. Nbd2 b6 5. a3 Bxd2+ 6. Qxd2 Bb7 7. g3 d6 8.
Bg2 Nbd7 9. O-O O-O 10. Re1 Ne4 11. Qc2 f5 12. Ng5 Qf6 13. Be3 Nxg5 14. Bxb7
Rab8 15. Bg2 e5 16. dxe5 dxe5 17. Bxg5 Qxg5 18. Qa4 Nf6 19. Rac1 f4 20. Rc3 Ng4
21. Qxa7 Nxf2 22. Kxf2 fxg3+ 23. Kg1 gxh2+ 24. Kh1 Rbd8 25. Rf3 Qh4 26. Rxf8+
Rxf8 27. Rf1 Rxf1+ 28. Bxf1 Qf2 29. Qb8+ Kf7 30. Qxc7+ Kf8 31. Qd8+ Kf7 32.
Qd5+ Kg6 33. Qg2+ 1-0

[Event "Markham op U2200"]
[Site "Markham CAN"]
[Date "2018.10.06"]
[Round "2"]
[White "Gao, Raymond"]
[Black "Hack, Justin"]
[Result "1-0"]
[WhiteElo "1926"]
[BlackElo "1834"]
[PlyCount "79"]
[EventDate "2018.10.05"]
[EventType "swiss"]
[EventRounds "5"]
[EventCountry "CAN"]

1. e4 c5 2. Nf3 d6 3. d4 cxd4 4. Qxd4 Nc6 5. Bb5 Bd7 6. Bxc6 Bxc6 7. Nc3 e5 8.
Qd3 h6 9. O-O Nf6 10. Rd1 Be7 11. Nd2 d5 12. Qg3 Qc7 13. exd5 Nxd5 14. Qxg7
Nxc3 15. Qxh8+ Bf8 16. bxc3 O-O-O 17. Qf6 Bc5 18. Re1 Rg8 19. g3 Qd7 20. Rxe5
Bd6 21. Rh5 Qc7 22. Nf1 b6 23. Rxh6 Rg6 24. Rxg6 fxg6 25. Bf4 Bxf4 26. Qxf4 Qh7
27. h4 Qxh4 28. gxh4 Bf3 29. Qxf3 Kd7 30. Re1 Kd6 31. Qf5 Kc7 32. h5 g5 33. Kg2
Kd6 34. Re6+ Kd7 35. Qf7+ Kd8 36. Ne3 a5 37. Qb7 b5 38. Ng4 a4 39. Ne5 a3 40.
Nf7# 1-0